Comic Book Jeopardy Quiz Stats

 Plays Quiz not verified by Sporcle

Challenge
Share
Tweet
Embed
Score 0/20 Timer 08:00
0 Plays Today
Question Who/What is... % Correct
Captain America's shield consists partially of this rare Wakandan metal...Vibranium
82.2%
Aquaman lost this appendage in battle with the villain Charybdis... Hand
80%
Batman has often called this pliable hero 'the Most Dangerous Member of the Justice League'....Plastic Man
77.8%
This sarcastic, self-aware assassin has wooed Death herself...Deadpool
77.2%
Stan Lee originally believed that this name for Thor's hammer was a word his brother had made up...Mjolnir
75%
Unofficially, the same canister of ooze that transformed four turtles into super-heroes also blinded this vigilante...Daredevil
71.1%
While the Bat was Broken, this man put a darker, more violent twist on the Dark Knight's methods...Jean Paul Valley
68.9%
Despite debuting over 3 months prior, the Doom Patrol is often accused of parodying this similar Marvel team of outcasts...X-men
66.7%
This super stretchy super-heroine became Beast Boy's adoptive mother...Rita 'Elasti-Girl' Farr
53.9%
The Question, Vic Sage sought to learn martial arts after nearly being killed by this vicious female assassin...Lady Shiva
51.1%
Question Who/What is... % Correct
The Swamp Thing once believed he was actually this biochemical scientist...Alec Holland
42.2%
This writer's successful reinventing of the Teen Titans included the introduction of Slade Wilson and Dick Grayson's transformation into Nightwing...Marv Wolfman
41.1%
This moon god is the source of Moonknight's obsession...Khonshu
36.1%
This Dark Horse hero found himself outrageously under-powered when forced to fight a possessed Savage Dragon...Hellboy
36.1%
Todd McFarlane was stuck in a long legal battle with English writer Neil Gaiman regarding the rights to these Spawn supporting characters...Cogliostro, Angela, and Medievil Spawn
27.2%
Before it's destruction, Supergirl called this Kryptonian city home...Argo City
21.7%
This mystical trinity grants Stephen Strange his powers...The Vishanti
17.2%
Before taking on a supporting role in CW's Arrow, Felicity Smoak, in the comics, was this super-heroes step-mother...Firestorm
16.7%
This well-beloved Marvel series starring Mary Jane struggled for years before finally being shelved for good in 2007...Spider-Man Loves Mary Jane
15.6%
Daredevil believed that this nun was his mother long before she finally came clean...Sister Maggie
10%

You're not logged in!

Compare scores with friends on all Sporcle quizzes.
Join for Free
OR
Log In

You Might Also Like...

Show Comments

Extras

Top Quizzes Today


Score Distribution

Your Account Isn't Verified!

In order to create a playlist on Sporcle, you need to verify the email address you used during registration. Go to your Sporcle Settings to finish the process.

Report this User

Report this user for behavior that violates our Community Guidelines.

Details: